000 00516nam a2200181Ia 4500
008 100917s9999 xx 000 0 und d
082 _b27712
100 _aव्यास श्रीकांत
245 _aबहादूर टॉम
260 _bशिक्षा भारती
300 _a88
365 _b3
520 _aबालविभाग
630 _aबहादूर टॉम
650 _aबालविभाग
730 _aबहादूर टॉम
942 _cBOOK
999 _c633106
_d633103